000 00567nam a22001815i 4500
001 68830
003 ES-MaACL
005 20251004063114.0
007 t|
008 960829s1854 fr ||||1| fre d
040 _aCAM
_bspa
_cCAM
100 1 _aGirardin, Émile de,
_d1806-1881
_957233
245 1 3 _aLa liberté dans le mariage par l'égalité des enfants devant la mère /
_cEmile de Girardin.
260 _aParis :
_bLibrairie Nouvelle,
_c1854 (
_fSimon Raçon)
300 _a428 p. ;
_c19 cm.
852 _aES-MaACL
_jG-10269
999 _c68830
_d68830